[Event "Quebec op"]
[Site "Laval"]
[Date "1984.08.08"]
[Round "4"]
[White "Lord, Martin"]
[Black "Clement, Michel"]
[Result "0-1"]
[WhiteElo "1723"]
[BlackElo "1642"]
[PlyCount "64"]
[EventDate "1984.08.05"]
[EventType "swiss"]
[EventRounds "8"]
[EventCountry "CAN"]
[SourceTitle "EXT 2022"]
[Source "ChessBase"]
[SourceDate "2021.10.06"]
[SourceVersion "1"]
[SourceVersionDate "2021.10.06"]
[SourceQuality "1"]

1. d4 Nf6 2. Nf3 g6 3. c4 Bg7 4. Nc3 0-0 5. e4 d6 6. Be2 Nbd7 7. 0-0 c6 8. Qc2 Qc7 9. Be3 e5 10. h3 b6 11. Rfd1 Bb7 12. Rd2 Kh8 13. Rad1 Rad8 14. b4 a6 15. c5 bxc5 16. bxc5 exd4 17. cxd6 Qxd6 18. Bxd4 Qe7 19. e5 Nd5 20. Ne4 Rg8 21. Nd6 Ba8 22. Bxa6 h6 23. Bc4 Rgf8 24. Re1 Kh7 25. h4 Rb8 26. h5 Nf4 27. Re4 Nxh5 28. Rh4 c5 29. Rxh5 Bxf3 30. gxf3 cxd4 31. Rxd4 Nxe5 32. Rh3 Nxf3+ 0-1